[Event "SR 5. liga SE-SI 2012/2013"]
[Site "?"]
[Date "2012.10.20"]
[Round "3.3"]
[White "Harasta, Marian"]
[Black "Vach, Martin"]
[Result "1-0"]
[WhiteElo "1624"]
[BlackElo "1483"]
[PlyCount "67"]
[EventDate "2012.??.??"]

1. d4 d5 2. c4 Nf6 3. Nc3 e6 4. Nf3 Be7 5. Bf4 a6 6. e3 Ne4 7. Nxe4 dxe4 8. Nd2
Bb4 9. a3 Bxd2+ 10. Qxd2 O-O 11. Be2 Nd7 12. Qc2 f5 13. b4 c6 14. O-O b6 15. a4
Bb7 16. Rfb1 g5 17. Bd6 Rf6 18. c5 b5 19. axb5 axb5 20. Ra2 Ba6 21. Rba1 Qc8
22. f3 exf3 23. Bxf3 g4 24. Be2 Rf7 25. Qb3 Nf8 26. Bd3 Kg7 27. Ra3 h5 28. Qa2
Rfa7 29. e4 Kg6 30. Bxf8 Qxf8 31. Qxe6+ Qf6 32. exf5+ Kg5 33. Qe3+ Kh4 34. g3+
1-0

[Event "SR 5. liga SE-SI 2012/2013"]
[Site "?"]
[Date "2012.10.20"]
[Round "3.3"]
[White "Drozd, Jan"]
[Black "Drabek, Martin"]
[Result "0-1"]
[WhiteElo "1000"]
[BlackElo "1516"]
[PlyCount "88"]
[EventDate "2012.??.??"]

1. e4 e5 2. Nf3 Nc6 3. Bb5 d6 4. d4 exd4 5. Qxd4 Bd7 6. Bxc6 Bxc6 7. Nc3 Nf6 8.
Bg5 Be7 9. O-O-O O-O 10. h4 Ng4 11. Bxe7 Qxe7 12. Nd5 Bxd5 13. exd5 Nf6 14. g4
Qe4 15. Qxe4 Nxe4 16. Rhf1 f5 17. Nh2 fxg4 18. Nxg4 h5 19. Ne3 Rxf2 20. Rxf2
Nxf2 21. Rg1 Re8 22. Nf5 Ng4 23. c4 g6 24. Ng3 Re3 25. b3 Kh7 26. Kd2 Rf3 27.
Ke2 Rf2+ 28. Kd3 Rxa2 29. Re1 Ne5+ 30. Kc3 Rh2 31. Rh1 Rxh1 32. Nxh1 Nf3 33.
Nf2 Nxh4 34. Ne4 Kg7 35. Kd3 Nf3 36. Ke2 Nd4+ 37. Ke3 Nxb3 38. Kf4 a5 39. Kg5
a4 40. Nf6 Kf7 41. Ne4 a3 42. Nc3 Nc1 43. Nb5 a2 44. Nxc7 a1=Q 0-1

[Event "SR 5. liga SE-SI 2012/2013"]
[Site "?"]
[Date "2012.10.20"]
[Round "3.3"]
[White "Zlamal, Marek"]
[Black "Lauko, Tomas"]
[Result "1-0"]
[WhiteElo "1551"]
[BlackElo "1000"]
[PlyCount "57"]
[EventDate "2012.??.??"]

1. c4 e5 2. Nc3 Nf6 3. e4 c6 4. Nf3 d5 5. cxd5 cxd5 6. exd5 Nxd5 7. Nxe5 Nxc3
8. bxc3 Qe7 9. Qe2 g6 10. Nf3 Be6 11. g3 Bg7 12. Bg2 Nc6 13. O-O O-O 14. a4 Qc5
15. Ba3 Qh5 16. Bxf8 Rxf8 17. Qb5 Bd5 18. Nh4 Rd8 19. Bxd5 Rxd5 20. Qxb7 Rc5
21. Rfe1 Ne5 22. d4 Ng4 23. dxc5 g5 24. Re8+ Bf8 25. Qc8 gxh4 26. Rxf8+ Kg7 27.
Rg8+ Kh6 28. Qxg4 Qxg4 29. Rxg4 1-0

[Event "SR 5. liga SE-SI 2012/2013"]
[Site "?"]
[Date "2012.10.20"]
[Round "3.3"]
[White "Daniel, Michal"]
[Black "Antalek, Rudolf"]
[Result "1-0"]
[WhiteElo "1000"]
[BlackElo "1123"]
[PlyCount "99"]
[EventDate "2012.??.??"]

1. e4 e5 2. Bc4 Nf6 3. d3 Nc6 4. c3 Bc5 5. Ne2 d6 6. h3 a6 7. b4 Ba7 8. a4 Bd7
9. a5 b5 10. Bb3 O-O 11. O-O Qc8 12. Ng3 Bxh3 13. d4 Bd7 14. Be3 Ng4 15. Nd2
exd4 16. cxd4 Nxd4 17. Bd5 c6 18. Ba2 c5 19. Rc1 Kh8 20. Bxd4 Qd8 21. Be3 cxb4
22. Bxa7 Rxa7 23. Nb3 Qh4 24. Re1 Qh2+ 25. Kf1 Qh6 26. Qd4 Raa8 27. f3 Ne5 28.
Kf2 Qf6 29. Rh1 Ng4+ 30. Kg1 Qxd4+ 31. Nxd4 Nf6 32. Ngf5 Bxf5 33. Nxf5 Rad8 34.
Rd1 Rd7 35. Rxd6 Rxd6 36. Nxd6 Kg8 37. e5 Nd7 38. f4 Nc5 39. Bb1 h6 40. g4 Nb3
41. Nb7 Rb8 42. Be4 Nd2 43. Bd5 Nb1 44. Nd6 Rf8 45. e6 fxe6 46. Bxe6+ Kh7 47.
g5 Nd2 48. Bf5+ Kg8 49. gxh6 Nf3+ 50. Kf2 1-0

[Event "SR 5. liga SE-SI 2012/2013"]
[Site "?"]
[Date "2012.11.03"]
[Round "4.1"]
[White "Diviak, Rudolf"]
[Black "Sukopcak, Miroslav"]
[Result "1-0"]
[WhiteElo "1852"]
[BlackElo "1712"]
[PlyCount "115"]
[EventDate "2012.??.??"]

1. e4 c5 2. Nf3 d6 3. d4 cxd4 4. Nxd4 a6 5. Bc4 e5 6. Ne2 Be7 7. Nbc3 Nf6 8.
Bg5 Nbd7 9. Qd2 h6 10. Bxf6 Nxf6 11. f3 Qc7 12. Bb3 Qc5 13. O-O-O b5 14. Nd5
Nxd5 15. Bxd5 Ra7 16. Nc3 a5 17. Rhe1 a4 18. g3 b4 19. Nb1 Ba6 20. f4 Bc4 21.
Bxc4 Qxc4 22. Qd5 Qxd5 23. Rxd5 exf4 24. gxf4 O-O 25. Rb5 a3 26. b3 Rfa8 27.
Rd1 Ra5 28. Rdd5 Rxb5 29. Rxb5 g5 30. fxg5 Bxg5+ 31. Kd1 Bf4 32. h3 Re8 33.
Rxb4 Ra8 34. Nc3 Be5 35. Nd5 Bb2 36. c3 Kg7 37. Kc2 Ra7 38. Rd4 Rd7 39. Rd1 f6
40. Rg1+ Kf7 41. Rf1 Kg6 42. Rxf6+ Kg5 43. b4 h5 44. Rf5+ Kh4 45. Rxh5+ Kg3 46.
b5 Rf7 47. Rf5 Rh7 48. b6 Rxh3 49. b7 Rh2+ 50. Kd3 Rh8 51. Nc7 Bc1 52. Na6 d5
53. Rxd5 Bf4 54. e5 Kf2 55. b8=Q Rh3+ 56. Kc2 Rh1 57. Rd2+ Kg3 58. Qg8+ 1-0

[Event "SR 5. liga SE-SI 2012/2013"]
[Site "?"]
[Date "2012.11.03"]
[Round "4.1"]
[White "Vasek, Rudolf"]
[Black "Ocko, Martin"]
[Result "0-1"]
[WhiteElo "1453"]
[BlackElo "1661"]
[PlyCount "96"]
[EventDate "2012.??.??"]

1. d4 Nf6 2. f4 g6 3. Nf3 Bg7 4. c3 O-O 5. Be3 d6 6. Nbd2 Bf5 7. Bg1 Nbd7 8. g3
Re8 9. e3 e5 10. Nb3 exf4 11. gxf4 Ng4 12. Qd2 Be4 13. Bg2 Bh6 14. O-O-O Qf6
15. h3 Bxf3 16. Bxf3 Nxe3 17. Bxe3 Rxe3 18. Bg4 Bxf4 19. Kb1 Nb6 20. Qg2 Rae8
21. Rhf1 g5 22. Qf2 Qg6+ 23. Qc2 Qxc2+ 24. Kxc2 Nc4 25. h4 Rg3 26. Bh5 Ne3+ 27.
Kb1 Nxd1 28. Bxd1 Be3 29. Bh5 Rf8 30. hxg5 Rxg5 31. Bd1 Rg1 32. Rxg1+ Bxg1 33.
Kc2 f5 34. Bf3 f4 35. Nd2 c6 36. Ne4 d5 37. Nd6 b5 38. Kd3 Kg7 39. Ke2 Kf6 40.
Kf1 Be3 41. Ke2 Kg5 42. Bg2 Bc1 43. b3 Ba3 44. b4 Bb2 45. Kd3 f3 46. Bf1 Kg4
47. Kc2 Ba3 48. Kd3 h5 0-1

[Event "SR 5. liga SE-SI 2012/2013"]
[Site "?"]
[Date "2012.11.03"]
[Round "4.1"]
[White "Mudroch, Martin"]
[Black "Rehak, Miroslav"]
[Result "1-0"]
[WhiteElo "1309"]
[BlackElo "1446"]
[PlyCount "105"]
[EventDate "2012.??.??"]

1. e4 d6 2. d4 g6 3. Nf3 Bg7 4. Bf4 Bg4 5. Be2 Nd7 6. Nbd2 c6 7. c3 Ngf6 8. Qc2
O-O 9. h3 Bxf3 10. Nxf3 Re8 11. O-O e5 12. dxe5 Nxe5 13. Rad1 Qc7 14. Nxe5 dxe5
15. Be3 b6 16. b4 Rad8 17. b5 c5 18. Bc4 Rxd1 19. Rxd1 Rd8 20. Rxd8+ Qxd8 21.
Bg5 Qd7 22. a4 Ne8 23. Bd5 Nc7 24. Qd2 Ne6 25. Bxe6 Qxd2 26. Bxf7+ Kxf7 27.
Bxd2 c4 28. f3 Bf8 29. Kf2 Ba3 30. f4 Bb2 31. g3 Ke6 32. Ke3 Ba3 33. Kf3 Bd6
34. g4 exf4 35. Bxf4 Ba3 36. Be3 Bd6 37. Bd4 Be7 38. Kf4 g5+ 39. Ke3 Bd8 40.
Bh8 Be7 41. Kd4 Bd6 42. Kxc4 Bc7 43. Bd4 Bf4 44. Kd3 Bc7 45. c4 Bd6 46. Be3 Be7
47. Kd4 Bc5+ 48. Kd3 Be7 49. Bd2 Ke5 50. a5 Bc5 51. axb6 axb6 52. Bxg5 Ke6 53.
Be3 1-0

[Event "SR 5. liga SE-SI 2012/2013"]
[Site "?"]
[Date "2012.11.03"]
[Round "4.1"]
[White "Drozd, Jan"]
[Black "Kaufman, Robert"]
[Result "1-0"]
[WhiteElo "1000"]
[BlackElo "1041"]
[PlyCount "69"]
[EventDate "2012.??.??"]

1. e4 e5 2. Nf3 Nc6 3. Bb5 d6 4. d4 Bd7 5. O-O Nxd4 6. Bxd7+ Qxd7 7. Nxd4 exd4
8. Qxd4 O-O-O 9. Qxa7 c6 10. Be3 Qc7 11. Bb6 Qb8 12. Qxb8+ Kxb8 13. Bxd8 Kc8
14. Bg5 g6 15. Nd2 Be7 16. Bxe7 Nxe7 17. Rfe1 f6 18. Nc4 Kc7 19. a4 Rd8 20. a5
h5 21. a6 bxa6 22. Rxa6 Nc8 23. b4 d5 24. exd5 cxd5 25. Na5 Nb6 26. Ra7+ Kd6
27. Nb7+ Kc7 28. Nxd8+ Kxd8 29. Re6 Nc4 30. Rxf6 Ke8 31. Rxg6 Kf8 32. Rc6 Nd6
33. Rxd6 Ke8 34. Rb6 d4 35. Rb8# 1-0

[Event "SR 5. liga SE-SI 2012/2013"]
[Site "?"]
[Date "2012.11.03"]
[Round "4.1"]
[White "Hrdlicka, Martin"]
[Black "Lauko, Tomas"]
[Result "0-1"]
[WhiteElo "1000"]
[BlackElo "1000"]
[PlyCount "60"]
[EventDate "2012.??.??"]

1. e4 d5 2. Nc3 d4 3. Nb5 e5 4. Nf3 Nc6 5. b3 Nf6 6. d3 a6 7. Na3 Bb4+ 8. Nd2
b5 9. c4 dxc3 10. Nf3 c2+ 11. Nd2 cxd1=Q+ 12. Kxd1 Ng4 13. Ke2 Nd4+ 14. Ke1
Bxa3 15. Bxa3 Nc2+ 16. Kd1 Nxa3 17. Be2 Nxf2+ 18. Kc1 Qd4 19. Nb1 Qxa1 20. Kd2
Nxh1 21. Nxa3 Qxa2+ 22. Nc2 O-O 23. Kc3 f5 24. exf5 Bxf5 25. d4 Qxc2+ 26. Kb4
Qxe2 27. d5 a5+ 28. Kc5 Rab8 29. Kc6 Rfd8 30. Kc5 Qc2# 0-1

[Event "SR 5. liga SE-SI 2012/2013"]
[Site "?"]
[Date "2012.11.03"]
[Round "4.2"]
[White "Klimes, Juraj"]
[Black "Huska, Branislav"]
[Result "1/2-1/2"]
[WhiteElo "1611"]
[BlackElo "1574"]
[PlyCount "32"]
[EventDate "2012.??.??"]

1. e4 c6 2. d4 d5 3. Nc3 dxe4 4. Nxe4 Nf6 5. Nxf6+ gxf6 6. Nf3 Bg4 7. Be2 e6 8.
Bf4 Nd7 9. Qd2 Qb6 10. O-O-O O-O-O 11. Rhe1 h5 12. Qe3 Qa5 13. Kb1 Nb6 14. Rd3
Bxf3 15. Bxf3 Nc4 16. Qe2 Bd6 1/2-1/2

[Event "SR 5. liga SE-SI 2012/2013"]
[Site "?"]
[Date "2012.11.03"]
[Round "4.2"]
[White "Kanka, Tomas"]
[Black "Wallner, Juraj"]
[Result "1/2-1/2"]
[WhiteElo "1435"]
[BlackElo "1495"]
[PlyCount "61"]
[EventDate "2012.??.??"]

1. e4 c5 2. Nf3 e6 3. c4 Nc6 4. Nc3 d6 5. d4 cxd4 6. Nxd4 Nf6 7. Be2 Be7 8. O-O
O-O 9. Be3 e5 10. Nf5 Nd7 11. Nxd6 Bxd6 12. Qxd6 f5 13. exf5 Rxf5 14. Qe6+ Rf7
15. c5 Nxc5 16. Qc4 Ne6 17. Rad1 Qe8 18. Ne4 Qe7 19. Rd6 Kh8 20. Rfd1 Nf4 21.
Bf3 Be6 22. Qa4 Bf5 23. Bc5 Qc7 24. a3 Ne6 25. Be3 Ned4 26. Ng5 Re7 27. Rd5 h6
28. Bxd4 Nxd4 29. Ne4 Nxf3+ 30. gxf3 Re6 31. Kh1 1/2-1/2

[Event "SR 5. liga SE-SI 2012/2013"]
[Site "?"]
[Date "2012.11.03"]
[Round "4.2"]
[White "Nemeckay, Dominik"]
[Black "Hurban, Tomas"]
[Result "1-0"]
[WhiteElo "1424"]
[BlackElo "1352"]
[PlyCount "81"]
[EventDate "2012.??.??"]

1. e4 e5 2. Nf3 Bc5 3. Bc4 d6 4. c3 a6 5. d4 b5 6. Bb3 Bb6 7. dxe5 Qe7 8. Bf4
Bg4 9. Nbd2 Nd7 10. Bd5 Rd8 11. exd6 cxd6 12. O-O Ngf6 13. Bg5 h6 14. Bxf6 Qxf6
15. Re1 O-O 16. Nf1 Ne5 17. N1d2 Nd3 18. Re2 Nf4 19. Re1 h5 20. Bb7 h4 21. h3
Nxh3+ 22. gxh3 Bxh3 23. Kh2 Bg4 24. Bxa6 Bxf2 25. Rf1 Qf4+ 26. Kh1 Be3 27. Bxb5
Qg3 28. Qe2 Bf4 29. Qh2 Rb8 30. Qxg3 Bxg3 31. a4 f5 32. Nh2 Be2 33. Bxe2 Rxb2
34. Bc4+ Kh7 35. Ra2 Rfb8 36. Rxb2 Rxb2 37. Nhf3 fxe4 38. Nxe4 Be5 39. Nxe5
dxe5 40. a5 Re2 41. Bxe2 1-0

[Event "SR 5. liga SE-SI 2012/2013"]
[Site "?"]
[Date "2012.11.03"]
[Round "4.2"]
[White "Kridl, Oliver"]
[Black "Tomasovic, Pavol"]
[Result "0-1"]
[WhiteElo "1000"]
[BlackElo "1304"]
[PlyCount "60"]
[EventDate "2012.??.??"]

1. e4 e6 2. d4 d5 3. Nc3 Bb4 4. e5 Bxc3+ 5. bxc3 c5 6. Bd2 Nc6 7. Bb5 cxd4 8.
cxd4 Nge7 9. Nf3 O-O 10. O-O Qb6 11. Bxc6 Qxc6 12. Qc1 Nf5 13. g4 Ne7 14. Bh6
gxh6 15. Qxh6 Qxc2 16. Nh4 Ng6 17. Qg5 Qe4 18. Rfe1 Qf4 19. Qh5 Nxh4 20. Qxh4
f5 21. f3 Bd7 22. Re2 fxg4 23. Rg2 Qxf3 24. Rxg4+ Kh8 25. Rc1 Qe3+ 26. Kg2 Qxc1
27. Qe7 Qf1+ 28. Kg3 Rf3+ 29. Kh4 Rh3+ 30. Kg5 Qf5# 0-1

[Event "SR 5. liga SE-SI 2012/2013"]
[Site "?"]
[Date "2012.11.03"]
[Round "4.2"]
[White "Drinka, Robert"]
[Black "Babic, Stefan"]
[Result "1-0"]
[WhiteElo "1290"]
[BlackElo "1000"]
[PlyCount "47"]
[EventDate "2012.??.??"]

1. e4 e5 2. Nf3 Nc6 3. Bc4 Bc5 4. O-O Nf6 5. d3 O-O 6. Bg5 d6 7. c3 Bg4 8. Bb3
h6 9. Bh4 g5 10. Bg3 d5 11. Nbd2 d4 12. c4 Nb4 13. Qe2 Nc6 14. Ba4 Nh5 15. Bxc6
Nxg3 16. fxg3 bxc6 17. h3 Bxf3 18. Nxf3 Rb8 19. Nxe5 Qd6 20. Rf5 Rfe8 21. Ng4
Qxg3 22. Rxc5 Qd6 23. b4 f6 24. Nxh6+ 1-0

[Event "SR 5. liga SE-SI 2012/2013"]
[Site "?"]
[Date "2012.11.03"]
[Round "4.3"]
[White "Sladek, Michal"]
[Black "Baumgartner, Milan"]
[Result "0-1"]
[WhiteElo "1000"]
[BlackElo "1558"]
[PlyCount "60"]
[EventDate "2012.??.??"]

1. e4 e5 2. Nf3 Nc6 3. Bc4 Bc5 4. d3 h6 5. Qe2 Nge7 6. Be3 Bb4+ 7. Bd2 Bxd2+ 8.
Nbxd2 d6 9. h3 Be6 10. Bxe6 fxe6 11. a3 Ng6 12. g3 Qf6 13. O-O-O O-O 14. Rh2 a5
15. h4 b5 16. b3 a4 17. b4 Nxb4 18. axb4 a3 19. c3 Rfc8 20. d4 c6 21. Kc2 exd4
22. Nxd4 c5 23. bxc5 Rxc5 24. N2b3 Rc4 25. Qe3 b4 26. Rd3 Ne5 27. Nd2 Rcc8 28.
Nb5 Nxd3 29. Qxd3 Rab8 30. Nxd6 Rxc3+ 0-1

[Event "SR 5. liga SE-SI 2012/2013"]
[Site "?"]
[Date "2012.11.03"]
[Round "4.3"]
[White "Bartos, Bohumil"]
[Black "Cambal, Peter"]
[Result "1/2-1/2"]
[WhiteElo "1533"]
[BlackElo "1000"]
[PlyCount "37"]
[EventDate "2012.??.??"]

1. d4 d5 2. c4 e5 3. dxe5 d4 4. Nf3 c5 5. e3 Nc6 6. exd4 Nxd4 7. Nxd4 cxd4 8.
Bd3 Ne7 9. Bg5 Qa5+ 10. Qd2 Qxe5+ 11. Kd1 h6 12. Bf4 Qf6 13. Re1 g5 14. Be5
Bg4+ 15. Kc2 Qa6 16. Bxh8 O-O-O 17. f3 Be6 18. b3 Nc6 19. a3 1/2-1/2

[Event "SR 5. liga SE-SI 2012/2013"]
[Site "?"]
[Date "2012.11.03"]
[Round "4.3"]
[White "Svrcek, Daniel"]
[Black "Geher, Stanislav"]
[Result "0-1"]
[WhiteElo "1000"]
[BlackElo "1493"]
[PlyCount "23"]
[EventDate "2012.??.??"]

1. e4 e6 2. Nc3 d5 3. d3 Bb4 4. Bd2 d4 5. Nb5 Bxd2+ 6. Qxd2 e5 7. O-O-O c5 8.
Be2 Be6 9. Bh5 g6 10. Bf3 Nc6 11. Ne2 Nb4 12. Ng3 0-1

[Event "SR 5. liga SE-SI 2012/2013"]
[Site "?"]
[Date "2012.11.03"]
[Round "4.3"]
[White "Hornacek, Vendelin"]
[Black "Horak, Viliam"]
[Result "1-0"]
[WhiteElo "1563"]
[BlackElo "1000"]
[PlyCount "37"]
[EventDate "2012.??.??"]

1. e4 d5 2. exd5 e5 3. dxe6 fxe6 4. d4 Bd6 5. Nf3 Nc6 6. Bb5 Bd7 7. O-O e5 8.
Bxc6 Bxc6 9. dxe5 Be7 10. Nc3 Nh6 11. Nd4 Bd7 12. Bxh6 gxh6 13. Qh5+ Kf8 14.
Qxh6+ Kg8 15. Ne6 Bxe6 16. Qxe6+ Kg7 17. Nd5 c6 18. Nxe7 Re8 19. Qf6# 1-0

[Event "SR 5. liga SE-SI 2012/2013"]
[Site "?"]
[Date "2012.11.03"]
[Round "4.3"]
[White "Sefcik, Oliver"]
[Black "Pekar, Pavol"]
[Result "0-1"]
[WhiteElo "1000"]
[BlackElo "1000"]
[PlyCount "58"]
[EventDate "2012.??.??"]

1. e4 e6 2. Nc3 a6 3. Nf3 Nc6 4. Bc4 Bc5 5. O-O h6 6. d3 Nf6 7. Bf4 Ng4 8. Qe2
Qf6 9. Bd2 O-O 10. Rad1 Rd8 11. Bc1 Nge5 12. Bb3 Nxf3+ 13. Qxf3 Qxf3 14. gxf3
Nd4 15. Kg2 d6 16. Bf4 a5 17. e5 b5 18. a3 a4 19. Ba2 Bb7 20. exd6 cxd6 21.
Rde1 Nxf3 22. Nxb5 Nd4+ 23. Kg1 Nxb5 24. b4 axb3 25. Bxb3 Rxa3 26. Ra1 Rda8 27.
Bc4 Rxa1 28. Rxa1 Rxa1+ 29. Bc1 Rxc1# 0-1

[Event "SR 5. liga SE-SI 2012/2013"]
[Site "?"]
[Date "2012.11.17"]
[Round "5.1"]
[White "Kanka, Tomas"]
[Black "Sladek, Michal"]
[Result "1-0"]
[WhiteElo "1435"]
[BlackElo "1000"]
[PlyCount "59"]
[EventDate "2012.??.??"]

1. e4 e5 2. Nf3 Nc6 3. Bc4 Bc5 4. b4 Bxb4 5. c3 Ba5 6. d4 Qe7 7. O-O Nf6 8. Ba3
d6 9. d5 Nd8 10. Qa4+ Qd7 11. Qxa5 Nxe4 12. Bb5 c6 13. dxc6 Nxc6 14. Qa4 f5 15.
Rd1 a6 16. Nxe5 Qc7 17. Bxc6+ bxc6 18. Qxc6+ Qxc6 19. Nxc6 O-O 20. f3 Bb7 21.
Na5 Nc5 22. Rxd6 Rab8 23. Bxc5 Bc8 24. Bb4 Re8 25. Kf2 Kf7 26. Nd2 Be6 27. Ndc4
Bxc4 28. Nxc4 Rbc8 29. Rd4 Kf6 30. Nd6 1-0

[Event "SR 5. liga SE-SI 2012/2013"]
[Site "?"]
[Date "2012.11.17"]
[Round "5.1"]
[White "Cambal, Peter"]
[Black "Hurban, Tomas"]
[Result "1/2-1/2"]
[WhiteElo "1000"]
[BlackElo "1352"]
[PlyCount "100"]
[EventDate "2012.??.??"]

1. e4 e5 2. f4 exf4 3. Bc4 c6 4. Nc3 b5 5. Bb3 a5 6. a4 b4 7. Nce2 Qh4+ 8. Kf1
Ba6 9. Nf3 Qh5 10. d4 g5 11. Ne5 Nh6 12. Ke1 f6 13. Nc4 Qh4+ 14. g3 fxg3 15.
Nxg3 f5 16. Qh5+ Qxh5 17. Nxh5 Bxc4 18. Nf6+ Ke7 19. Bxg5 Bxb3 20. Ng4+ Ke8 21.
Nf6+ Kf7 22. cxb3 Be7 23. e5 Bxf6 24. Bxf6 Rg8 25. Rf1 d6 26. Kd2 dxe5 27. Bxe5
Nd7 28. Bf4 Ng4 29. Rae1 Rae8 30. Bd6 Kf6 31. h3 Nh6 32. Kd3 Rxe1 33. Rxe1 Nf7
34. Be7+ Kg7 35. Rg1+ Kh8 36. Re1 Rg3+ 37. Re3 Rxe3+ 38. Kxe3 Nh6 39. Bg5 Kg7
40. Bf4 Kg6 41. Bc7 Kg5 42. Bd8+ Kh5 43. Kf3 Nf7 44. Bxa5 Kh4 45. Kg2 f4 46.
Kf3 Kxh3 47. Bxb4 Nb6 48. a5 Na8 49. Kxf4 h5 50. Be7 Nh6 1/2-1/2

[Event "SR 5. liga SE-SI 2012/2013"]
[Site "?"]
[Date "2012.11.17"]
[Round "5.1"]
[White "Petras, Michal"]
[Black "Sefcik, Oliver"]
[Result "1-0"]
[WhiteElo "1251"]
[BlackElo "1000"]
[PlyCount "43"]
[EventDate "2012.??.??"]

1. e4 e5 2. Nf3 Nc6 3. Bc4 Bc5 4. c3 Be7 5. d4 exd4 6. cxd4 Nf6 7. Nc3 O-O 8.
O-O d6 9. Re1 Bg4 10. a3 Qd7 11. Qd3 Rad8 12. d5 Ne5 13. Nxe5 dxe5 14. h3 Bh5
15. Bg5 Ne8 16. Qg3 Qe6 17. dxe6 Bxg5 18. Qxg5 Rd4 19. exf7+ Rxf7 20. Bxf7+
Kxf7 21. Qxh5+ Kg8 22. Qxe8# 1-0

[Event "SR 5. liga SE-SI 2012/2013"]
[Site "?"]
[Date "2012.11.17"]
[Round "5.1"]
[White "Steiner, Juraj"]
[Black "Kridl, Oliver"]
[Result "0-1"]
[WhiteElo "1000"]
[BlackElo "1000"]
[PlyCount "82"]
[EventDate "2012.??.??"]

1. e4 e6 2. Bc4 d5 3. Bd3 Nf6 4. c4 dxe4 5. Bc2 Bc5 6. Qe2 Qd4 7. f3 Nh5 8. Nh3
e5 9. Bxe4 c6 10. Nc3 Bxh3 11. gxh3 Nf4 12. Qe3 Qxe3+ 13. dxe3 Nxh3 14. Bd2 O-O
15. O-O-O Nf2 16. Rhg1 Nxd1 17. Rxd1 Nd7 18. Kc2 Nb6 19. b3 Rfd8 20. Na4 Rd6
21. Nxc5 Rb8 22. Ba5 Rh6 23. Nxb7 Rxh2+ 24. Kc3 g6 25. Kd3 Rxb7 26. Bc3 Rd7+
27. Bd5 cxd5 28. cxd5 Rxd5+ 29. Ke4 Rxd1 30. Bxe5 Rxa2 31. Bf6 Nd7 32. Bd4 a5
33. f4 a4 34. f5 axb3 35. fxg6 hxg6 36. Kd5 Rxd4+ 37. exd4 b2 38. Kd6 b1=Q 39.
Kxd7 Qb6 40. Ke7 Ra7+ 41. Ke8 Qb8# 0-1

[Event "SR 5. liga SE-SI 2012/2013"]
[Site "?"]
[Date "2012.11.17"]
[Round "5.1"]
[White "Babic, Stefan"]
[Black "Sefcik, Marek"]
[Result "1-0"]
[WhiteElo "1000"]
[BlackElo "1000"]
[PlyCount "109"]
[EventDate "2012.??.??"]

1. d4 d5 2. Nc3 Nf6 3. Nf3 Nc6 4. Bf4 e5 5. Nxe5 Bd6 6. e3 O-O 7. Bd3 Re8 8.
Nxc6 bxc6 9. Bxd6 cxd6 10. O-O Rb8 11. b3 Bg4 12. Qc1 g6 13. h3 Bf5 14. Qa3
Bxd3 15. cxd3 Re7 16. Qa6 Qc8 17. Qxc8+ Rxc8 18. Rfe1 c5 19. dxc5 dxc5 20. e4
d4 21. Nb5 a6 22. Nd6 Rd8 23. Nc4 h6 24. Na5 Nd7 25. Nc6 Rde8 26. Nxe7+ Rxe7
27. a3 a5 28. Rec1 Nb6 29. Rxc5 a4 30. bxa4 Nxa4 31. Rc8+ Kg7 32. Rc4 f6 33.
Rxa4 f5 34. Rxd4 h5 35. a4 Re8 36. a5 Kf6 37. a6 Ke5 38. Rd5+ Kf4 39. g3+ Kf3
40. a7 Ke2 41. a8=Q Rxa8 42. Rxa8 fxe4 43. dxe4 Kf3 44. e5 Ke4 45. Rad8 Kf5 46.
Rf8+ Ke6 47. Rdd8 Kxe5 48. Rde8+ Kd4 49. Rf7 Kd5 50. Rd7+ Kc6 51. Rd1 Kc7 52.
Re2 Kc6 53. Rc2+ Kb5 54. Rb1+ Ka4 55. Ra2# 1-0

[Event "SR 5. liga SE-SI 2012/2013"]
[Site "?"]
[Date "2012.11.17"]
[Round "5.2"]
[White "Vasek, Rudolf"]
[Black "Klimes, Juraj"]
[Result "1/2-1/2"]
[WhiteElo "1453"]
[BlackElo "1611"]
[PlyCount "68"]
[EventDate "2012.??.??"]

1. d4 d6 2. f4 Nf6 3. c3 g6 4. Nf3 Bg7 5. Qb3 O-O 6. e3 Nbd7 7. Bd3 e6 8. O-O
c5 9. Qd1 d5 10. Ne5 c4 11. Bc2 Ne4 12. Bxe4 dxe4 13. Nxc4 b5 14. Ncd2 f5 15.
Rf2 Qh4 16. Nf1 Nf6 17. g3 Qh3 18. Rg2 Ng4 19. Qe1 Bb7 20. Na3 a6 21. Nc2 h5
22. Bd2 Bd5 23. b3 Kf7 24. Nb4 Rh8 25. Nxd5 exd5 26. Qe2 Rh7 27. Be1 Bf6 28.
Rc1 Ke6 29. Rc2 Rc7 30. c4 Rac8 31. c5 Rc6 32. b4 Rh8 33. a3 Rh7 34. Ra2 Rb7
1/2-1/2

[Event "SR 5. liga SE-SI 2012/2013"]
[Site "?"]
[Date "2012.11.17"]
[Round "5.2"]
[White "Nemeckay, Dominik"]
[Black "Rehak, Miroslav"]
[Result "0-1"]
[WhiteElo "1424"]
[BlackElo "1446"]
[PlyCount "102"]
[EventDate "2012.??.??"]

1. e4 d6 2. d4 e6 3. Nf3 Nd7 4. Nc3 c6 5. Bf4 Be7 6. Bd3 Ngf6 7. Qd2 Nh5 8. Bg5
e5 9. Bxe7 Qxe7 10. d5 c5 11. Qg5 Qxg5 12. Nxg5 a6 13. O-O h6 14. Nf3 Nf4 15.
Rfd1 Nxd3 16. Rxd3 b5 17. b3 Nf6 18. Re1 Bd7 19. Nb1 Nh5 20. g3 b4 21. Nh4 g6
22. Nd2 Bb5 23. c4 Bd7 24. Ng2 g5 25. Ne3 Nf6 26. Kg2 a5 27. Nb1 a4 28. Rd2
axb3 29. axb3 Nxe4 30. Rb2 f5 31. f3 Nf6 32. Nf1 Kf7 33. Nbd2 Ra7 34. Kf2 Rha8
35. Reb1 Ra2 36. h3 Rxb2 37. Rxb2 Ra1 38. Nb1 h5 39. Ne3 f4 40. Nc2 fxg3+ 41.
Kg2 Ra8 42. Kxg3 Bf5 43. Ne3 Bg6 44. h4 Bxb1 45. hxg5 Nh7 46. Rxb1 Kg6 47. f4
exf4+ 48. Kxf4 Nxg5 49. Rg1 Rf8+ 50. Kg3 Rf3+ 51. Kh4 Rh3# 0-1

[Event "SR 5. liga SE-SI 2012/2013"]
[Site "?"]
[Date "2012.11.17"]
[Round "5.2"]
[White "Drozd, Jan"]
[Black "Tomasovic, Roman"]
[Result "0-1"]
[WhiteElo "1000"]
[BlackElo "1277"]
[PlyCount "78"]
[EventDate "2012.??.??"]

1. e4 e5 2. Nf3 Nc6 3. Bb5 d6 4. d4 exd4 5. Qxd4 Bd7 6. Bxc6 Bxc6 7. Nc3 Nf6 8.
Bg5 Be7 9. O-O-O O-O 10. h4 Re8 11. Nd5 Nxd5 12. exd5 Bxg5+ 13. Nxg5 h6 14. Nf3
Bd7 15. g4 Qf6 16. Qxf6 gxf6 17. Rhg1 Kh7 18. Nd4 a6 19. g5 fxg5 20. hxg5 h5
21. Rde1 Rxe1+ 22. Rxe1 Re8 23. Rxe8 Bxe8 24. f4 h4 25. Nf3 h3 26. Kd2 Kg6 27.
Ke3 Kh5 28. Nh2 Bd7 29. Kf2 Bf5 30. c3 Kh4 31. Kf3 Bb1 32. a3 Ba2 33. Ke4 Kg3
34. Nf3 Bxd5+ 35. Kxd5 Kxf3 36. f5 h2 37. g6 fxg6 38. fxg6 h1=Q 39. g7 Qh7 0-1

[Event "SR 5. liga SE-SI 2012/2013"]
[Site "?"]
[Date "2012.11.17"]
[Round "5.2"]
[White "Tomasovic, Pavol"]
[Black "Lauko, Tomas"]
[Result "0-1"]
[WhiteElo "1304"]
[BlackElo "1000"]
[PlyCount "54"]
[EventDate "2012.??.??"]

1. e4 d5 2. exd5 Qxd5 3. d4 Nc6 4. Nf3 Bg4 5. Be2 O-O-O 6. Nc3 Qa5 7. d5 e6 8.
O-O exd5 9. Bd2 Bb4 10. a3 Bxf3 11. axb4 Qxb4 12. Bxf3 Qc5 13. Na4 Qd6 14. b3
h5 15. Bxh5 Nf6 16. Bg4+ Kb8 17. h3 Ne5 18. Be2 Rdg8 19. Be3 g5 20. Nc3 c6 21.
Bxa7+ Kc7 22. Qd4 g4 23. Qb6+ Kd7 24. Qxb7+ Ke6 25. Bxg4+ Nfxg4 26. hxg4 Nf3+
27. gxf3 Qh2# 0-1

[Event "SR 5. liga SE-SI 2012/2013"]
[Site "?"]
[Date "2012.11.17"]
[Round "5.2"]
[White "Daniel, Michal"]
[Black "Drinka, Robert"]
[Result "0-1"]
[WhiteElo "1000"]
[BlackElo "1290"]
[PlyCount "91"]
[EventDate "2012.??.??"]

1. e4 e5 2. Bc4 Nf6 3. d3 Bc5 4. Ne2 d6 5. h3 Nc6 6. c3 Na5 7. Qa4+ Nc6 8. Bd5
Bd7 9. Qc2 Qc8 10. b4 Bb6 11. Qb3 O-O 12. a4 a6 13. a5 Ba7 14. g4 Be6 15. Nd2
Qd7 16. Ng3 Ne7 17. c4 Ng6 18. Nf3 c6 19. Bxe6 fxe6 20. g5 Ne8 21. Qd1 Qf7 22.
Rf1 Qxf3 23. Qxf3 Rxf3 24. Ke2 Rf7 25. Be3 Nf4+ 26. Bxf4 Rxf4 27. f3 Nc7 28.
Rh1 Raf8 29. Raf1 Bd4 30. h4 Bc3 31. Nh5 R4f7 32. f4 g6 33. Nf6+ Kg7 34. Rb1
exf4 35. Kf3 Bxf6 36. gxf6+ Rxf6 37. Rbg1 e5 38. h5 Ne6 39. h6+ Kg8 40. Rh5 Kh8
41. Rh4 Nd4+ 42. Kg4 f3 43. Rf1 Rf4+ 44. Kg3 Rxh4 45. Kxh4 Rf4+ 46. Kg5 0-1